| 000 | 00696nam0a22002411 4500 | ||
|---|---|---|---|
| 001 | rc\99849 | ||
| 005 | 20250620181654.0 | ||
| 010 |
_a5-88374-104-5 _910000 |
||
| 035 | _a(NLR Aleph) 005363368 | ||
| 090 |
_a6922201 _c6922201 |
||
| 100 | _a20021216d1996 |||y0rusy50 ca | ||
| 101 | 0 | _arus | |
| 102 | _aRU | ||
| 105 | _aa ||||||||| | ||
| 200 | 1 |
_aКулинария для всех _f[Сост. Э.Н. Алькаев] |
|
| 210 |
_aН. Новгород _cФирма "Валерия" _d1996 |
||
| 215 |
_a399 с., [12] л. ил. _cил. _d25 |
||
| 702 | 1 |
_aАлькаев _bЭ.Н. _4220 |
|
| 801 | 0 |
_aRU _bNLR _gpsbo |
|
| 801 | 1 |
_aRU _bELAR _2rusmarc |
|
| 852 |
_aNLR _j96-7/556 |
||
| 942 | _cBOOK | ||
| 980 | _aNB | ||